| 000 | 00580nam a22001817a 4500 | ||
|---|---|---|---|
| 003 | Nust | ||
| 005 | 20241030140306.0 | ||
| 008 | 170216b xxu||||| |||| 00| 0 eng d | ||
| 040 | _cNust-MCE | ||
| 082 | _a200 | ||
| 100 |
_aMirza Muhammad Shahzad Baig _951008 |
||
| 245 |
_aExperimental study on bagasse ash and marble waste in concrete/ _cMirza Muhammad Shahzad Baig |
||
| 260 |
_aRisalpur, _bMCE, _c2016. |
||
| 300 |
_a87p. _c28cm. |
||
| 700 |
_aSupervisor Muhammad Maqbool Sadiq _9126624 |
||
| 856 | _uhttp://10.250.8.41:8080/xmlui/handle/123456789/11794 | ||
| 942 |
_cSC _2ddc |
||
| 999 |
_c232418 _d232418 |
||